Skip to content
VuFind
All Fields
Title
Author
Subject
Call Number
ISBN/ISSN
Tag
Find
Advanced
Prairie Songs
Cite this
Print
Export Record
Export to RefWorks
Export to EndNoteWeb
Export to EndNote
Export to MARC
Prairie Songs
Bibliographic Details
Format:
Book
Holdings
Description
Similar Items
Staff View
MARC
LEADER
00000cam a2200000 7i4500
001
0000007385
002
000007941
005
20000330.0
020
|a
019715704
090
0
0
|a
YF
|b
CON
245
1
0
|a
Prairie Songs
999
|a
03684
|b
BUKU
|c
PINJAMAN
|e
PERPUSTAKAAN KOMUNITI PETALING JAYA
Similar Items
Pollyanna [
by: Porter, Eleanor H.
Published: (1993)
Sebuah pelayaran
by: NORHASHIMAH Hashim
Published: (1993)
Pembebasan planet logam
by: Muhammad Jaafar Darwis
Published: (1993)
City Girl
by: Lee, Ming Cameron
Published: (1993)
Five go to Billyeock Hill
Published: (1992)